General knowledge quiz #8 - Statistics

General Stats
  • This quiz has been taken 43 times
    8 since last reset
  • The average score is 11 of 20
Answer Stats
Hint Answer % Correct
What was the oldest age a human lived to 122
100%
How many countries are recognized by jetpunk 196
100%
An animal sees some water and says dam it what is this animal Beaver
100%
What iconic actor voiced donkey in shrek Eddie Murphy
100%
How do you say hi in mandarin Ni hao
100%
What body part is the sphinx missing Nose
100%
What bird starting with Q is commonly eaten Quail
100%
What are the three primary colors Red blue yellow
100%
Whats the longest month of the year by letters with 9 letters September
100%
What flower does the bachelor give to contestants he wants to stay on the show Rose
75%
What is the most sold book in the world of all time Bible
63%
Gala Fuji and McIntosh are all kinds of what Apple
50%
2nd longest river in africa(hint shares a name with a African country) Congo
38%
How many grand theft auto games are available to play right now 5
13%
What yer did the American revolution end 1791
0%
What is the vaule of x in x=2 2
0%
What camp killed the most people in the holocaust Auschwitz
0%
What is the biggest animal to ever live on earth Blue whale
0%
What animal is curious George technically(hint not a monkey) Chimpanzee
0%
What band sung the hit sling heat waves Glass animals
0%
No matching quizzes found
Score Distribution
Percent of People with Each Score
Percentile by Number Answered
Your Score History
You have not taken this quiz since the last reset